000 01217nam a2200313 i 4500
003 DO-SdBNP
005 20251107140917.0
007 ta
008 110413s2023 dr 000 j spa d
020 _a9789945183832
040 _aDO-SdBNP
_bspa
_cBNPHU
_erda
041 _aspa
082 4 _a928.61
_bH519z
_222
100 1 _aZuleta Álvarez, Enrique
_d1923-2015
_eautor
_984519
_4aut.
245 1 0 _aPedro Henríquez Ureña :
_bvida de un hispanoamericano universal /
_cEnrique Zuleta Álvarez ; epílogo, Anna Caballé ; prólogo, Enrique Zuleta Álvarez.
264 4 _aSanto Domingo :
_bEdiciones Cielonaranja,
_c©2023.
300 _a482 páginas ;
_c22 cm.
336 _atexto
_btxt
_2rdacontent
337 _asin mediación
_bn
_2rdamedia
338 _avolumen
_bnc
_2rdacarrier
500 _aIncluye datos biográficos del autor en la solapa de la contraportada.
504 _aBibliografía páginas : 453-471
590 _aInventariado, 2023/ YL
600 1 0 _aHenríquez Ureña, Pedro,
_d1884-1946
_91718
_xBiografía
650 4 _aAutores dominicanos
_xBiografías
_988571
700 1 _aCaballé, Anna,
_eepílogo
_4ep.
_988782
910 _aYLockward. Validado control de calidad/MAA
942 _2ddc
_cLBS1
999 _c55271
_d55271